01137nam a2200217 i 4500001000700000003000900007005001700016007000300033008004100036100004900077245009100126250001500217260004200232300002700274505038500301650002400686700003800710852003100748999001900779952012100798117943ES-MaACL20250910063116.0t|070214m19781983sp r ||||1| spa d1 aPeláez Redondo, Julio, d1915-2001913096110aManual de patología médica / cdirigida por Pelèz Redondo , A. Peña Yáñez. a[3ª ed.]. aMadrid : bPaz montalvo, c1978-1983. a6 v. : bil ; c28 cm.8 aContiene: T. I. Respiratorio. Circulatorio. Riñón. Digestivo. Intoxicaciones. Agentes físicos. XV 1205 p.- T. II. Enfermedades del aparato circulatorio, 406 p.- T. III. Enfermedades del aparato digestivo, 676 p.- T. IV. Enfermedades del sistema nervioso, XII, 546 p.- T. V. Enfermedades de los riñones . 216 p.- T. VI. Enfermedades infecciosas y parasitarias. VIII, 450 p.04aPatología.9158841 aPeña Yáñez, Arsacio.990294 aES-MaACLjP-1929 bR.98680 c117943d117943 00104070aATENEOMbATENEOMcDEPO2d2008-01-17eSCl0oP-1929p1122958r2023-02-23 00:00:00w2023-02-23yMONOGRAFIA